000 00818 a2200241 4500
999 _c11190
_d11190
020 _a9780323083768 (pbk. : alk. paper)
020 _a0323083765 (pbk. : alk. paper)
050 0 0 _aRT42
_bGID 2013
100 _aGiddens,Jean Foret
_eauthor
245 0 0 _aConcepts for nursing practice /
_c Jean Foret Giddens.
264 _aMissouri:
_bElsevier,
_c2013
300 _a559 pages
_bcoloured illustrations
336 _2rdacontent
_atext
_btxt
337 _2rdamedia
_aumediated
_bn
338 _2rdacarrier
_avolume
_bnc
504 _aIncludes bibliographical references and index.
650 1 2 _aNursing Process.
650 2 2 _aNursing Care.
650 2 2 _aNursing.
700 1 _aGiddens, Jean Foret
_eauthor
942 _2lcc
_cBK
_h42
_iGID
_kRT